000 00420nam a2200145Ia 4500
003 GCL
005 20240530104519.0
008 140319s9999 xx 000 0 ara d
040 _aGCL /
_cGCL
082 0 4 _a927
_bق/ن م
100 1 _aنازك باسيلا
245 1 0 _aمذكرات بديعة مصابنى /
_cنازك باسيلا
490 _aالهيئة العامة للاستعلامات
_v0
942 _2ddc
_cBK
999 _c48250
_d48250